Career progression and the art and antiques sector. (Record no. 73570)

MARC details
000 -LEADER
fixed length control field 00952cam a2200217 4500
001 - CONTROL NUMBER
control field WB3938-09
008 - FIXED-LENGTH DATA ELEMENTS--GENERAL INFORMATION
fixed length control field 031008n2003 000 0 eng u
035 ## - SYSTEM CONTROL NUMBER
System control number (Sirsi) u123870
245 ## - TITLE STATEMENT
Title Career progression and the art and antiques sector.
260 ## - PUBLICATION, DISTRIBUTION, ETC.
Date of publication, distribution, etc. 2003
490 ## - SERIES STATEMENT
Series statement Antiques Trade Gazette
Volume/sequential designation (1608), 4 October 2003, 1&3 (2)
520 ## - SUMMARY, ETC.
Summary, etc. A report of a survey conducted by Drummond Read recruitment. Career progression was seen as the most significant factor in why people wanted to change jobs. There were 700 respondents to the survey which covers all areas of this sector. 41% of respondents would consider transferring to another profession if they lost their job. It is likely that the survey is to now be conducted annually.
590 ## - LOCAL NOTE (RLIN)
Local note WB
650 ## - SUBJECT ADDED ENTRY--TOPICAL TERM
Topical term or geographic name entry element ANTIQUES TRADE
650 ## - SUBJECT ADDED ENTRY--TOPICAL TERM
Topical term or geographic name entry element STAFFING
650 ## - SUBJECT ADDED ENTRY--TOPICAL TERM
Topical term or geographic name entry element RECRUITMENT
650 ## - SUBJECT ADDED ENTRY--TOPICAL TERM
Topical term or geographic name entry element JOB SATISFACTION
650 ## - SUBJECT ADDED ENTRY--TOPICAL TERM
Topical term or geographic name entry element CAREER STRUCTURE
690 ## - LOCAL SUBJECT ADDED ENTRY--TOPICAL TERM (OCLC, RLIN)
Topical term or geographic name as entry element EDUCATION-CAREERS
942 ## - ADDED ENTRY ELEMENTS (KOHA)
Suppress in OPAC 0
Holdings
Withdrawn status Lost status Source of classification or shelving scheme Damaged status Not for loan Home library Current library Shelving location Date acquired Total Checkouts Full call number Barcode Date last seen Copy number Price effective from Koha item type
    Dewey Decimal Classification     London London News article 08/10/2003   WB3938-09 123870-1001 06/08/2019 1 06/08/2019 News article